000
00311nam a2200133Ia 4500
005
20251222142031.0
008
251222s9999||||xx |||||||||||||| ||spa||
020
_a
84-8280-739-0
082
_a
858.87/S17L
100
_a
Salgari, Emilio
245
0
_a
El León de Damasco
264
_b
Oveja Negra
942
_c
LIB
999
_c
10969
_d
10969